[Event "Internationaal Jeugdtoernooi Limburg 1"]
[Site "Maastricht"]
[Date "1995.07.06"]
[Round "1"]
[White "Buch, Thomas"]
[Black "Strijbos, Maarten"]
[Result "0-1"]
[WhiteElo "1921"]
[BlackElo "2276"]
[PlyCount "62"]
[EventDate "1995.07.06"]
[EventType "swiss"]
[EventRounds "7"]
[EventCountry "NED"]
[Source "P.Boonen"]
[SourceDate "2009.01.01"]

1. e4 c5 2. Nc3 Nc6 3. g3 g6 4. Bg2 Bg7 5. d3 d6 6. f4 e6 7. Nf3 Nge7 8. O-O d5
9. Bd2 O-O 10. Kh1 Rb8 11. Rb1 b5 12. a3 b4 13. axb4 cxb4 14. Ne2 Qb6 15. g4
Rd8 16. f5 dxe4 17. dxe4 exf5 18. exf5 gxf5 19. Qe1 fxg4 20. Ng5 Ne5 21. Ng3
Bb7 22. N5e4 Nf3 23. Bxf3 gxf3 24. Bf4 f5 25. Nf2 Ng6 26. Bxb8 f4 27. Nh5 Rxb8
28. Nxg7 Kxg7 29. Rd1 Bc6 30. Qd2 Re8 31. Rfe1 Re2 0-1

[Event "Internationaal Jeugdtoernooi Limburg 1"]
[Site "Maastricht"]
[Date "1995.07.06"]
[Round "1"]
[White "Croonenborghs, Tom"]
[Black "Vrancken, Gilbert"]
[Result "0-1"]
[WhiteElo "2118"]
[BlackElo "1744"]
[PlyCount "40"]
[EventDate "1995.07.06"]
[EventType "swiss"]
[EventRounds "7"]
[EventCountry "NED"]
[Source "P.Boonen"]
[SourceDate "2009.01.01"]

1. e4 g6 2. d4 Bg7 3. Be3 d6 4. f3 c6 5. c4 Nf6 6. Nc3 O-O 7. Qd2 a6 8. O-O-O
b5 9. Bh6 Qa5 10. h4 b4 11. Nb1 Qxa2 12. h5 d5 13. Bxg7 Kxg7 14. hxg6 fxg6 15.
Qxb4 a5 16. Qd2 Na6 17. e5 Ng8 18. g4 Rb8 19. Re1 Bxg4 20. cxd5 Bf5 0-1

[Event "Internationaal Jeugdtoernooi Limburg 1"]
[Site "Maastricht"]
[Date "1995.07.06"]
[Round "1"]
[White "Dambacher, Martijn"]
[Black "Cohen, Jaap"]
[Result "1-0"]
[WhiteElo "2055"]
[BlackElo "1600"]
[PlyCount "47"]
[EventDate "1995.07.06"]
[EventType "swiss"]
[EventRounds "7"]
[EventCountry "NED"]
[Source "P.Boonen"]
[SourceDate "2009.01.01"]

1. e4 c5 2. Nc3 e6 3. f4 Nc6 4. Nf3 a6 5. d4 cxd4 6. Nxd4 Bb4 7. Nxc6 Bxc3+ 8.
bxc3 bxc6 9. e5 Ne7 10. Qd2 O-O 11. Bd3 Qc7 12. Ba3 Re8 13. O-O Bb7 14. Qf2 g6
15. Bc5 Kg7 16. g4 Ng8 17. Bd6 Qd8 18. h4 f5 19. exf6+ Nxf6 20. Rab1 Bc8 21. f5
Nxg4 22. Qd4+ Nf6 23. fxg6 hxg6 24. Rxf6 1-0

[Event "Internationaal Jeugdtoernooi Limburg 1"]
[Site "Maastricht"]
[Date "1995.07.06"]
[Round "1"]
[White "De Blecourt, Sandra"]
[Black "Wuts, Frank"]
[Result "0-1"]
[WhiteElo "1877"]
[BlackElo "2262"]
[PlyCount "74"]
[EventDate "1995.07.06"]
[EventType "swiss"]
[EventRounds "7"]
[EventCountry "NED"]
[Source "P.Boonen"]
[SourceDate "2009.01.01"]

1. d4 Nf6 2. c4 g6 3. Nc3 Bg7 4. e4 O-O 5. f3 d6 6. Be3 Nbd7 7. Bd3 c5 8. Nge2
Qa5 9. Qd2 cxd4 10. Nxd4 Ne5 11. Be2 Bd7 12. O-O Rfc8 13. b3 a6 14. Rfc1 e6 15.
b4 Qxb4 16. Rab1 Qa5 17. Rxb7 Nxc4 18. Bxc4 Rxc4 19. Nb3 Qh5 20. Qxd6 Bc6 21.
Rb6 Bb5 22. Nxb5 axb5 23. Rxc4 bxc4 24. Qc6 Rd8 25. Nd2 c3 26. Qc7 Rf8 27. Nf1
Qa5 28. Bc5 Nd7 29. Bxf8 Bd4+ 30. Kh1 Qxb6 31. Qxb6 Nxb6 32. Ba3 Nc4 33. Bc1
Ne5 34. Ng3 Nd3 35. Ne2 Bc5 36. Bh6 Nf2+ 37. Kg1 Ng4+ 0-1

[Event "Internationaal Jeugdtoernooi Limburg 1"]
[Site "Maastricht"]
[Date "1995.07.06"]
[Round "1"]
[White "De Heer, Machiel"]
[Black "Mueller, Alexander"]
[Result "1-0"]
[WhiteElo "2140"]
[BlackElo "1850"]
[PlyCount "43"]
[EventDate "1995.07.06"]
[EventType "swiss"]
[EventRounds "7"]
[EventCountry "NED"]
[Source "P.Boonen"]
[SourceDate "2009.01.01"]

1. e4 c6 2. d3 d5 3. Nd2 g6 4. Ngf3 Bg7 5. g3 Bg4 6. Bg2 Nd7 7. O-O e6 8. Re1
Ne7 9. h3 Bxf3 10. Nxf3 O-O 11. c3 a5 12. e5 a4 13. d4 b5 14. Bf1 Qa5 15. Bg5
Rfe8 16. b4 Qc7 17. Qc1 Kf8 18. h4 Ng8 19. h5 gxh5 20. Qf4 Ra7 21. Bd3 f6 22.
Bxh7 1-0

[Event "Internationaal Jeugdtoernooi Limburg 1"]
[Site "Maastricht"]
[Date "1995.07.06"]
[Round "1"]
[White "Driessens, Patrick"]
[Black "Schilperoort, Jeroen"]
[Result "1-0"]
[WhiteElo "2085"]
[BlackElo "1620"]
[PlyCount "67"]
[EventDate "1995.07.06"]
[EventType "swiss"]
[EventRounds "7"]
[EventCountry "NED"]
[Source "P.Boonen"]
[SourceDate "2009.01.01"]

1. d4 Nf6 2. c4 e6 3. Nc3 a6 4. e4 Bb4 5. Bd3 Bxc3+ 6. bxc3 h6 7. e5 Nh7 8. Qg4
Kf8 9. h4 b5 10. Bxh7 Rxh7 11. Qe4 Kg8 12. Qxa8 Nc6 13. cxb5 axb5 14. Nf3 Ne7
15. Rb1 c6 16. O-O g5 17. hxg5 hxg5 18. Bxg5 Qf8 19. g3 Nd5 20. Kg2 Nxc3 21.
Rbc1 Nd5 22. Rh1 Nc7 23. Qb8 Na6 24. Qb6 Nb4 25. Rxh7 Kxh7 26. Rh1+ Kg6 27. Bf6
Nd5 28. Qd8 Qxd8 29. Bxd8 Nc3 30. Nh4+ Kh5 31. Nf5+ Kg6 32. Ne7+ Kg7 33. Nxc8
Nxa2 34. Bf6+ 1-0

[Event "Internationaal Jeugdtoernooi Limburg 1"]
[Site "Maastricht"]
[Date "1995.07.06"]
[Round "1"]
[White "Halmans, Paul"]
[Black "Abeln, Michiel"]
[Result "0-1"]
[WhiteElo "1700"]
[BlackElo "2115"]
[PlyCount "64"]
[EventDate "1995.07.06"]
[EventType "swiss"]
[EventRounds "7"]
[EventCountry "NED"]
[Source "P.Boonen"]
[SourceDate "2009.01.01"]

1. e4 c5 2. Nf3 Nc6 3. d4 cxd4 4. Nxd4 Nf6 5. Nc3 d6 6. Be3 e6 7. Be2 Be7 8.
O-O O-O 9. Kh1 a6 10. a4 Qc7 11. f4 Na5 12. e5 dxe5 13. fxe5 Qxe5 14. Bf4 Qc5
15. Be3 Nc4 16. Bxc4 Qxc4 17. Qe1 e5 18. Nf5 Bxf5 19. Rxf5 Ng4 20. Bd2 Qe6 21.
Qe4 g6 22. Rf3 Rfd8 23. Qe2 e4 24. Rff1 e3 25. Be1 Bd6 26. h3 Nh6 27. Rf3 Nf5
28. g4 Nd4 29. Qxe3 Qxe3 30. Rxe3 Nxc2 31. Bh4 Nxe3 32. Re1 Re8 0-1

[Event "Internationaal Jeugdtoernooi Limburg 1"]
[Site "Maastricht"]
[Date "1995.07.06"]
[Round "1"]
[White "Hoehensteiger, Patrick"]
[Black "Hoogendoorn, Joost"]
[Result "0-1"]
[WhiteElo "1868"]
[BlackElo "2242"]
[PlyCount "68"]
[EventDate "1995.07.06"]
[EventType "swiss"]
[EventRounds "7"]
[EventCountry "NED"]
[Source "P.Boonen"]
[SourceDate "2009.01.01"]

1. c4 b6 2. Nc3 Bb7 3. e4 e6 4. Nf3 c5 5. d4 cxd4 6. Qxd4 d6 7. g3 Nf6 8. Bg2
Be7 9. O-O O-O 10. b3 Nbd7 11. Rd1 a6 12. Bb2 Qc7 13. Rac1 Rac8 14. Qe3 Rfe8
15. Nd4 Qb8 16. h3 Qa8 17. f4 Bf8 18. Rc2 e5 19. Nf5 d5 20. Qd2 dxc4 21. Nd5
Nxd5 22. exd5 cxb3 23. Rxc8 Qxc8 24. fxe5 Nxe5 25. Qg5 Ng6 26. d6 Re2 27. Rd2
Rxg2+ 28. Rxg2 Bxg2 29. Kxg2 Qc2+ 30. Kf3 Qxb2 31. d7 Qc3+ 32. Ne3 Qc6+ 33. Qd5
Ne5+ 34. Kf4 Qxd5 0-1

[Event "Internationaal Jeugdtoernooi Limburg 1"]
[Site "Maastricht"]
[Date "1995.07.06"]
[Round "1"]
[White "Jurrissen, Remy"]
[Black "Huberty, Marc"]
[Result "0-1"]
[WhiteElo "1750"]
[BlackElo "2125"]
[PlyCount "40"]
[EventDate "1995.07.06"]
[EventType "swiss"]
[EventRounds "7"]
[EventCountry "NED"]
[Source "P.Boonen"]
[SourceDate "2009.01.01"]

1. b3 Nf6 2. Bb2 g6 3. e3 Bg7 4. c4 O-O 5. d4 d6 6. Bd3 Nbd7 7. Nf3 Re8 8. Nbd2
e5 9. Qc2 Qe7 10. dxe5 dxe5 11. e4 Nh5 12. O-O Nf4 13. Rfe1 a5 14. Nb1 Nc5 15.
Bf1 Bg4 16. Re3 Bxf3 17. Rxf3 Nce6 18. Nc3 Nd4 19. Qd1 Nxf3+ 20. Qxf3 c6 0-1

[Event "Internationaal Jeugdtoernooi Limburg 1"]
[Site "Maastricht"]
[Date "1995.07.06"]
[Round "1"]
[White "Kipper, Jens"]
[Black "De Rijck, Johan"]
[Result "1-0"]
[WhiteElo "2088"]
[BlackElo "1699"]
[PlyCount "37"]
[EventDate "1995.07.06"]
[EventType "swiss"]
[EventRounds "7"]
[EventCountry "NED"]
[Source "P.Boonen"]
[SourceDate "2009.01.01"]

1. d4 Nf6 2. c4 c5 3. Nf3 cxd4 4. Nxd4 Nc6 5. g3 g6 6. Bg2 Bg7 7. Nc3 O-O 8.
O-O a6 9. Nxc6 bxc6 10. c5 Qa5 11. Na4 Rb8 12. Bd2 Qc7 13. Rc1 Nd5 14. b3 Bb7
15. Qe1 d6 16. cxd6 exd6 17. Bxd5 c5 18. Bxb7 Qxb7 19. Bf4 1-0

[Event "Internationaal Jeugdtoernooi Limburg 1"]
[Site "Maastricht"]
[Date "1995.07.06"]
[Round "1"]
[White "Kouwenhoven, Marisca"]
[Black "Hendriks, Mathijs"]
[Result "1-0"]
[WhiteElo "1958"]
[BlackElo "1550"]
[PlyCount "49"]
[EventDate "1995.07.06"]
[EventType "swiss"]
[EventRounds "7"]
[EventCountry "NED"]
[Source "P.Boonen"]
[SourceDate "2009.01.01"]

1. e4 e5 2. Nf3 Nc6 3. Bc4 Bc5 4. c3 Nf6 5. d4 exd4 6. cxd4 Bb4+ 7. Nc3 Nxe4 8.
O-O Bxc3 9. d5 Ba5 10. dxc6 O-O 11. Qd5 b5 12. Bxb5 Nf6 13. Qg5 Bb6 14. Qh4 d6
15. Bd3 Re8 16. Bd2 Qe7 17. Rae1 Be6 18. Bc3 h6 19. Nd4 Nd5 20. Qe4 Nf6 21. Qf3
Qf8 22. Nf5 Bxf5 23. Qxf5 Rxe1 24. Rxe1 Qd8 25. Bxf6 1-0

[Event "Internationaal Jeugdtoernooi Limburg 1"]
[Site "Maastricht"]
[Date "1995.07.06"]
[Round "1"]
[White "Kroeze, Frank"]
[Black "Smeets, Christophe"]
[Result "1-0"]
[WhiteElo "2386"]
[BlackElo "1933"]
[PlyCount "73"]
[EventDate "1995.07.06"]
[EventType "swiss"]
[EventRounds "7"]
[EventCountry "NED"]
[Source "P.Boonen"]
[SourceDate "2009.01.01"]

1. e4 e6 2. d4 d5 3. Nd2 dxe4 4. Nxe4 Nd7 5. Nf3 Ngf6 6. Ned2 Be7 7. g3 c5 8.
Bg2 O-O 9. O-O cxd4 10. Nxd4 Ne5 11. N2b3 Ng6 12. Nb5 a6 13. Qxd8 Rxd8 14. Nc3
Ng4 15. f4 Rb8 16. h3 Nf6 17. Be3 Nd7 18. a4 b6 19. a5 bxa5 20. Na4 Bb7 21.
Bxb7 Rxb7 22. Nxa5 Rb5 23. Nc6 Re8 24. b3 Bf6 25. Rad1 Nb8 26. Nxb8 Rexb8 27.
Nc5 Ra8 28. Ne4 Ne7 29. Nxf6+ gxf6 30. Rd7 Nd5 31. Bd2 f5 32. c4 Nf6 33. cxb5
Nxd7 34. Ra1 Nc5 35. b4 Nb3 36. Rxa6 Rc8 37. Be3 1-0

[Event "Internationaal Jeugdtoernooi Limburg 1"]
[Site "Maastricht"]
[Date "1995.07.06"]
[Round "1"]
[White "Roobol, Martin"]
[Black "Van Nieuwenborg, Alwin"]
[Result "1-0"]
[WhiteElo "2275"]
[BlackElo "1906"]
[PlyCount "63"]
[EventDate "1995.07.06"]
[EventType "swiss"]
[EventRounds "7"]
[EventCountry "NED"]
[Source "P.Boonen"]
[SourceDate "2009.01.01"]

1. d4 Nf6 2. c4 g6 3. Nc3 Bg7 4. e4 d6 5. f3 O-O 6. Bg5 Nbd7 7. Qd2 c5 8. d5 a6
9. Nh3 Ne5 10. Nf2 Qa5 11. f4 Ned7 12. Be2 Re8 13. O-O h6 14. Bh4 Nh7 15. Ng4
Ndf6 16. Nxf6+ Bxf6 17. Bxf6 exf6 18. Bd3 Bd7 19. Rae1 b5 20. e5 f5 21. g4 bxc4
22. Bxc4 fxg4 23. e6 Bb5 24. Bxb5 axb5 25. f5 g5 26. f6 Nf8 27. exf7+ Kxf7 28.
Re7+ Kg6 29. Qd3+ Kh5 30. Ne4 Qd8 31. Ng3+ Kh4 32. Nf5+ 1-0

[Event "Internationaal Jeugdtoernooi Limburg 1"]
[Site "Maastricht"]
[Date "1995.07.06"]
[Round "1"]
[White "Schreiber, Christophe"]
[Black "Muris, Vivianne"]
[Result "1-0"]
[WhiteElo "1950"]
[BlackElo "1524"]
[PlyCount "75"]
[EventDate "1995.07.06"]
[EventType "swiss"]
[EventRounds "7"]
[EventCountry "NED"]
[Source "P.Boonen"]
[SourceDate "2009.01.01"]

1. c4 c5 2. Nc3 Nc6 3. Nf3 d6 4. g3 Nf6 5. Bg2 e5 6. d3 Be7 7. Bg5 Be6 8. O-O
O-O 9. Nd2 Qd7 10. Bxf6 Bxf6 11. Nd5 Bd8 12. a3 Ne7 13. b4 Nxd5 14. cxd5 Bh3
15. bxc5 Bxg2 16. Kxg2 dxc5 17. e4 Rc8 18. Nc4 Bc7 19. a4 Rcd8 20. Qb3 b6 21.
Qb5 f5 22. f3 f4 23. Qb3 Kh8 24. Qc3 Qe8 25. Qb3 Qd7 26. Qb5 Kg8 27. Rab1 Qe7
28. Qa6 Ra8 29. a5 g5 30. Rb2 Rfb8 31. axb6 axb6 32. Qb5 Qd8 33. Qc6 Qc8 34. d6
Bd8 35. Qd5+ Kf8 36. Nxe5 Qb7 37. Qe6 Ra7 38. d7 1-0

[Event "Internationaal Jeugdtoernooi Limburg 1"]
[Site "Maastricht"]
[Date "1995.07.06"]
[Round "1"]
[White "Segers, Stefan"]
[Black "Kerstens, Dennis"]
[Result "0-1"]
[WhiteElo "1684"]
[BlackElo "2087"]
[PlyCount "44"]
[EventDate "1995.07.06"]
[EventType "swiss"]
[EventRounds "7"]
[EventCountry "NED"]
[Source "P.Boonen"]
[SourceDate "2009.01.01"]

1. d4 Nf6 2. Nf3 c5 3. g3 cxd4 4. Nxd4 e5 5. Nf3 Nc6 6. c4 Bc5 7. Bg2 O-O 8.
Nc3 d6 9. O-O Be6 10. b3 h6 11. Bb2 a6 12. Na4 Ba7 13. Rc1 Qc7 14. e3 Rad8 15.
Qe2 Ne4 16. Rfd1 f5 17. Ba3 f4 18. c5 fxg3 19. hxg3 d5 20. Rf1 Bg4 21. Kh2 Qf7
22. Ng5 Qh5+ 0-1

[Event "Internationaal Jeugdtoernooi Limburg 1"]
[Site "Maastricht"]
[Date "1995.07.06"]
[Round "1"]
[White "Spaapen, Robbert"]
[Black "Middelburg, Tom"]
[Result "0-1"]
[WhiteElo "1550"]
[BlackElo "1953"]
[PlyCount "84"]
[EventDate "1995.07.06"]
[EventType "swiss"]
[EventRounds "7"]
[EventCountry "NED"]
[Source "P.Boonen"]
[SourceDate "2009.01.01"]

1. e4 c5 2. Nf3 d6 3. c3 Nf6 4. Bd3 Nc6 5. Bc2 Bg4 6. O-O Qc8 7. d3 g6 8. Be3
Bg7 9. Nbd2 O-O 10. Re1 e5 11. Nb3 b6 12. Rc1 Qc7 13. d4 Rad8 14. d5 Ne7 15. h3
Bc8 16. Nbd2 Ne8 17. c4 f5 18. Bg5 h6 19. Bxe7 Qxe7 20. g3 Bf6 21. Kh2 h5 22.
Rg1 Qh7 23. h4 Ng7 24. Ne1 f4 25. Ng2 Ne8 26. Qe1 Qd7 27. Rh1 Bg7 28. Kg1 Bh6
29. Rd1 fxg3 30. fxg3 Nf6 31. Qe2 Ng4 32. Rf1 Rxf1+ 33. Kxf1 Rf8+ 34. Nf3 Qf7
35. Bd1 a6 36. Ke1 Qc7 37. Rf1 b5 38. Nd2 Rxf1+ 39. Kxf1 Qa5 40. Nf3 Qxa2 41.
cxb5 axb5 42. Qxb5 Ba6 0-1

[Event "Internationaal Jeugdtoernooi Limburg 1"]
[Site "Maastricht"]
[Date "1995.07.06"]
[Round "1"]
[White "Van Elmpt, Wouter"]
[Black "Deegens, Vincent"]
[Result "0-1"]
[WhiteElo "1550"]
[BlackElo "2043"]
[PlyCount "60"]
[EventDate "1995.07.06"]
[EventType "swiss"]
[EventRounds "7"]
[EventCountry "NED"]
[Source "P.Boonen"]
[SourceDate "2009.01.01"]

1. e4 e6 2. d4 d5 3. Nc3 Bb4 4. Bd2 dxe4 5. Nge2 f5 6. Nxe4 Be7 7. N4c3 c5 8.
dxc5 Bxc5 9. Nf4 Nf6 10. Be2 O-O 11. O-O Nc6 12. Bc4 Re8 13. Qe1 Nd4 14. Rc1
Kh8 15. Nd3 Bd6 16. Qe3 Bxh2+ 17. Kh1 Bc7 18. Rfe1 e5 19. f3 f4 20. Qg1 Nf5 21.
Qh2 Ng3+ 22. Kg1 Qd4+ 23. Be3 Qxc4 24. Bf2 Bf5 25. Bxg3 fxg3 26. Qxg3 e4 27.
Qg5 exd3 28. Qxf5 d2 29. Rxe8+ Rxe8 30. Rd1 Re1+ 0-1

[Event "Internationaal Jeugdtoernooi Limburg 1"]
[Site "Maastricht"]
[Date "1995.07.06"]
[Round "1"]
[White "Van Gemen, Felix"]
[Black "Peek, Maurice"]
[Result "0-1"]
[WhiteElo "1700"]
[BlackElo "2115"]
[PlyCount "80"]
[EventDate "1995.07.06"]
[EventType "swiss"]
[EventRounds "7"]
[EventCountry "NED"]
[Source "P.Boonen"]
[SourceDate "2009.01.01"]

1. e4 d5 2. exd5 Nf6 3. d4 Nxd5 4. c4 Nb6 5. Nc3 g6 6. b3 Bg7 7. Nge2 Bf5 8. g3
Nc6 9. Bg2 Nxd4 10. Nxd4 Qxd4 11. Qxd4 Bxd4 12. Bb2 O-O-O 13. O-O Nd7 14. Nd1
e5 15. Bxd4 exd4 16. f4 Nc5 17. Nf2 Rhe8 18. g4 Be4 19. Bxe4 Nxe4 20. Nxe4 Rxe4
21. Rf2 c5 22. Rd1 Kc7 23. Rdd2 Kb6 24. h3 f6 25. f5 g5 26. Kg2 Kc6 27. Rf3 a6
28. Rfd3 b5 29. a4 bxc4 30. bxc4 Rde8 31. a5 Rb8 32. Kf3 Re7 33. h4 gxh4 34.
Rh2 Rb4 35. Rxh4 Rf7 36. Rh6 Rxc4 37. g5 Rc3 38. Rxc3 dxc3 39. Rxf6+ Rxf6 40.
gxf6 Kd6 0-1

[Event "Internationaal Jeugdtoernooi Limburg 1"]
[Site "Maastricht"]
[Date "1995.07.06"]
[Round "1"]
[White "Van Gils, Philip"]
[Black "Renette, Hans"]
[Result "0-1"]
[WhiteElo "1619"]
[BlackElo "2071"]
[PlyCount "64"]
[EventDate "1995.07.06"]
[EventType "swiss"]
[EventRounds "7"]
[EventCountry "NED"]
[Source "P.Boonen"]
[SourceDate "2009.01.01"]

1. e4 d6 2. d4 Nf6 3. Nc3 c6 4. Bg5 Nbd7 5. Bc4 e5 6. Nge2 Be7 7. Qd2 Qc7 8. f4
h6 9. fxe5 dxe5 10. Be3 b5 11. Bd3 a6 12. Nd1 exd4 13. Nxd4 c5 14. Nf5 Bf8 15.
Nf2 Bb7 16. Bf4 Ne5 17. O-O-O O-O-O 18. Qc3 Nxd3+ 19. Nxd3 Rxd3 20. Qxd3 Qxf4+
21. Kb1 Qc7 22. e5 c4 23. Qe2 Ne4 24. Nxg7 Qxe5 25. Qg4+ Kb8 26. Nf5 Nf2 27.
Qh5 Nxh1 28. Rxh1 Be4 29. Ng3 Qxh5 30. Nxh5 Bg6 31. Nf6 Bg7 32. Nd7+ Kc7 0-1

[Event "Internationaal Jeugdtoernooi Limburg 1"]
[Site "Maastricht"]
[Date "1995.07.06"]
[Round "1"]
[White "Van Haastert, Edwin"]
[Black "Pater, Evelien"]
[Result "1/2-1/2"]
[WhiteElo "2242"]
[BlackElo "1874"]
[PlyCount "101"]
[EventDate "1995.07.06"]
[EventType "swiss"]
[EventRounds "7"]
[EventCountry "NED"]
[Source "P.Boonen"]
[SourceDate "2009.01.01"]

1. Nf3 Nf6 2. g3 g6 3. Bg2 Bg7 4. O-O O-O 5. c4 d6 6. Nc3 Nc6 7. Rb1 Na5 8. d3
c5 9. a3 Ne8 10. Bd2 Nc6 11. b4 Rb8 12. Qc1 b6 13. Bh6 Bb7 14. Bxg7 Kxg7 15.
Qd2 Nf6 16. e3 e6 17. Rfe1 Ne7 18. d4 cxb4 19. axb4 Rc8 20. Qd3 d5 21. c5 Ne4
22. Rec1 a6 23. Nd2 Nxd2 24. Qxd2 b5 25. f3 Nc6 26. Rd1 Qf6 27. e4 Rcd8 28.
exd5 exd5 29. f4 Ne7 30. Re1 Rfe8 31. Re5 Qc6 32. Rbe1 Qc7 33. Qe2 Kf8 34. f5
Bc6 35. Bxd5 Nxd5 36. Nxd5 Rxe5 37. Nxc7 Rxe2 38. Rxe2 Rxd4 39. Nxa6 gxf5 40.
Rc2 Rd8 41. Ra2 Ra8 42. Ra5 Ke7 43. Kf2 Kd7 44. Ke3 Kc8 45. Kf4 Kb7 46. Kxf5
Rxa6 47. Rxa6 Kxa6 48. Kf6 Bd5 49. Kg7 h5 50. Kh6 Bf3 51. Kg7 1/2-1/2

[Event "Internationaal Jeugdtoernooi Limburg 1"]
[Site "Maastricht"]
[Date "1995.07.06"]
[Round "1"]
[White "Van Prooijen, Jan Willem"]
[Black "Holtackers, Daan"]
[Result "1-0"]
[WhiteElo "2110"]
[BlackElo "1736"]
[PlyCount "76"]
[EventDate "1995.07.06"]
[EventType "swiss"]
[EventRounds "7"]
[EventCountry "NED"]
[Source "P.Boonen"]
[SourceDate "2009.01.01"]

1. e4 e6 2. d4 d5 3. Nc3 Be7 4. e5 c5 5. Nf3 Nc6 6. dxc5 Bxc5 7. Bd3 Nge7 8.
Bf4 Ng6 9. Bg3 a6 10. O-O Qc7 11. Re1 b5 12. h4 Nge7 13. h5 h6 14. a3 Bb6 15.
Qd2 Na5 16. b3 Bd7 17. Ne2 Nac6 18. Qf4 Na7 19. Qg4 Kf8 20. Ned4 Nac6 21. b4
Nxd4 22. Nxd4 Bxd4 23. Qxd4 Qa7 24. Qf4 Ke8 25. Re3 Nf5 26. Rf3 Rf8 27. Bxf5
exf5 28. e6 fxe6 29. Qe5 Kf7 30. Bf4 Rg8 31. Re1 Qb6 32. Rg3 Rac8 33. c3 Rc4
34. Rg6 Re4 35. Rxe4 dxe4 36. Bxh6 Ke8 37. Bxg7 Qc6 38. h6 Qd5 1-0

[Event "Internationaal Jeugdtoernooi Limburg 1"]
[Site "Maastricht"]
[Date "1995.07.06"]
[Round "2"]
[White "Abeln, Michiel"]
[Black "Snoeck, Rene"]
[Result "1-0"]
[WhiteElo "2115"]
[BlackElo "1481"]
[PlyCount "49"]
[EventDate "1995.07.06"]
[EventType "swiss"]
[EventRounds "7"]
[EventCountry "NED"]
[Source "P.Boonen"]
[SourceDate "2009.01.01"]

1. e4 c6 2. c4 d5 3. exd5 cxd5 4. cxd5 Nf6 5. Nc3 g6 6. Bb5+ Bd7 7. Bc4 Bg7 8.
Nge2 O-O 9. O-O Bf5 10. a4 a5 11. Ng3 Qc8 12. d3 Na6 13. Re1 Re8 14. Bf4 Nc5
15. Rc1 Bd7 16. d4 Na6 17. Qb3 Nb4 18. h3 h5 19. Bg5 Bf5 20. d6 e6 21. Nb5 Nh7
22. Bd2 Rb8 23. Bxb4 axb4 24. Nxf5 gxf5 25. Bxe6 1-0

[Event "Internationaal Jeugdtoernooi Limburg 1"]
[Site "Maastricht"]
[Date "1995.07.06"]
[Round "2"]
[White "Cohen, Jaap"]
[Black "Jurrissen, Remy"]
[Result "1-0"]
[WhiteElo "1600"]
[BlackElo "1750"]
[PlyCount "51"]
[EventDate "1995.07.06"]
[EventType "swiss"]
[EventRounds "7"]
[EventCountry "NED"]
[Source "P.Boonen"]
[SourceDate "2009.01.01"]

1. e4 c6 2. d4 d5 3. Nc3 dxe4 4. Nxe4 g6 5. Nf3 h5 6. c3 Nh6 7. Bd3 Nf5 8. Qe2
Bg7 9. Bg5 O-O 10. h3 Re8 11. O-O-O a5 12. g4 hxg4 13. hxg4 Nd6 14. Rh4 b5 15.
Rdh1 b4 16. Bh6 Nxe4 17. Bxg7 Kxg7 18. Rh7+ Kf6 19. Qxe4 e6 20. Qf4+ Ke7 21.
Qxf7+ Kd6 22. Qf4+ e5 23. dxe5+ Kc5 24. Qe3+ Kd5 25. Qd4+ Ke6 26. Bc4+ 1-0

[Event "Internationaal Jeugdtoernooi Limburg 1"]
[Site "Maastricht"]
[Date "1995.07.06"]
[Round "2"]
[White "De Rijck, Johan"]
[Black "De Blecourt, Sandra"]
[Result "1/2-1/2"]
[WhiteElo "1699"]
[BlackElo "1877"]
[PlyCount "50"]
[EventDate "1995.07.06"]
[EventType "swiss"]
[EventRounds "7"]
[EventCountry "NED"]
[Source "P.Boonen"]
[SourceDate "2009.01.01"]

1. e4 e6 2. d3 d5 3. Nd2 c5 4. g3 Nc6 5. Bg2 Nf6 6. f4 Qc7 7. Ngf3 b5 8. c3 Bb7
9. O-O Rd8 10. e5 Ng4 11. Nb3 d4 12. cxd4 cxd4 13. Re1 h5 14. Bd2 Nb4 15. Nfxd4
Bxg2 16. Kxg2 Nxd3 17. Re2 Qb7+ 18. Kg1 Nxb2 19. Qc2 Nc4 20. h3 Nh6 21. Rc1 a6
22. Kh2 Ng4+ 23. Kg1 Nh6 24. Kh2 Ng4+ 25. Kg1 Nh6 1/2-1/2

[Event "Internationaal Jeugdtoernooi Limburg 1"]
[Site "Maastricht"]
[Date "1995.07.06"]
[Round "2"]
[White "Deegens, Vincent"]
[Black "De Heer, Machiel"]
[Result "1-0"]
[WhiteElo "2043"]
[BlackElo "2140"]
[PlyCount "65"]
[EventDate "1995.07.06"]
[EventType "swiss"]
[EventRounds "7"]
[EventCountry "NED"]
[Source "P.Boonen"]
[SourceDate "2009.01.01"]

1. e4 e5 2. Nc3 Nf6 3. g3 Bc5 4. Bg2 a6 5. Nge2 Nc6 6. O-O d6 7. d3 Bg4 8. h3
Bh5 9. Kh2 Nd4 10. f3 Ne6 11. Nd5 O-O 12. c3 c6 13. Nxf6+ Qxf6 14. g4 Bg6 15.
f4 exf4 16. Nxf4 Nxf4 17. Bxf4 Qe7 18. Bf3 Ba7 19. Qe1 Rad8 20. Qg3 d5 21. exd5
cxd5 22. Rfe1 Qd7 23. d4 Rfe8 24. Qg2 Be4 25. Bxe4 dxe4 26. Rxe4 Rxe4 27. Qxe4
Qb5 28. Re1 Qxb2+ 29. Re2 Qa3 30. Bc7 Rb8 31. Qxb7 f5 32. Qxa7 fxg4 33. Be5 1-0

[Event "Internationaal Jeugdtoernooi Limburg 1"]
[Site "Maastricht"]
[Date "1995.07.06"]
[Round "2"]
[White "Hendriks, Mathijs"]
[Black "Van Gemen, Felix"]
[Result "1/2-1/2"]
[WhiteElo "1550"]
[BlackElo "1700"]
[PlyCount "33"]
[EventDate "1995.07.06"]
[EventType "swiss"]
[EventRounds "7"]
[EventCountry "NED"]
[Source "P.Boonen"]
[SourceDate "2009.01.01"]

1. e4 e6 2. d4 d5 3. exd5 exd5 4. Nf3 Bd6 5. Bd3 Nf6 6. Bg5 O-O 7. O-O Bg4 8.
Nc3 c6 9. Re1 Nbd7 10. h3 Bh5 11. Bh4 Qc7 12. Bf5 Rfe8 13. Qd3 Bg6 14. Bxg6
hxg6 15. Ne2 Ne4 16. Ng5 Nxg5 17. Bxg5 1/2-1/2

[Event "Internationaal Jeugdtoernooi Limburg 1"]
[Site "Maastricht"]
[Date "1995.07.06"]
[Round "2"]
[White "Holtackers, Daan"]
[Black "Buch, Thomas"]
[Result "1-0"]
[WhiteElo "1736"]
[BlackElo "1921"]
[PlyCount "73"]
[EventDate "1995.07.06"]
[EventType "swiss"]
[EventRounds "7"]
[EventCountry "NED"]
[Source "P.Boonen"]
[SourceDate "2009.01.01"]

1. e4 Nf6 2. Nc3 e5 3. Bc4 Nxe4 4. Qh5 Nd6 5. Qxe5+ Qe7 6. Qxe7+ Bxe7 7. Bb3
O-O 8. Nf3 b6 9. O-O Bb7 10. Nd5 Bd8 11. Re1 c6 12. Ne3 Ne4 13. d4 d5 14. c4
dxc4 15. Bxc4 Nd7 16. Nf5 c5 17. dxc5 Ndxc5 18. Ne5 Bc7 19. Ne7+ Kh8 20. Nxf7+
Rxf7 21. Bxf7 Nd3 22. Rf1 Ndxf2 23. Be3 Bxh2+ 24. Kxh2 Ng4+ 25. Kg1 Nxe3 26.
Rfc1 Ng5 27. Bb3 Bxg2 28. Kf2 Rf8+ 29. Kxe3 Bh3 30. Bd5 Ne6 31. Rc8 Rxc8 32.
Nxc8 Nc7 33. Ne7 Nxd5+ 34. Nxd5 Bg2 35. Nf4 Bb7 36. Rd1 g5 37. Rd8+ 1-0